| 000 | 00611nam a2200193 u 4500 | ||
|---|---|---|---|
| 005 | 20260221063958.0 | ||
| 008 | 151020s1988 r 000 0 eng d | ||
| 035 | _aUPN01000206158 | ||
| 049 | _aF | ||
| 050 | 4 |
_aLB19 _bZ3.6 |
|
| 100 | 1 |
_aZapata Zonco, Oscar Alcides _940301 |
|
| 245 | 1 | 1 |
_a¿La pedagogía, ciencia o ideología? : _bpara una aproximación epistemológica al problema de esta disciplina / _cOscar Zapata Zonco. |
| 260 |
_aToluca : _bISCEEM, _c1988. |
||
| 300 | _a48 p. | ||
| 440 | 0 |
_aCuadernos ISCEEM ; _v2 |
|
| 650 | 4 |
_aEducación _xFilosofía _94994 |
|
| 905 | _aLibro | ||
| 999 |
_c178259 _d178259 |
||